Proceedings /
Guardado en:
| Autores Corporativos: | , |
|---|---|
| Formato: | Libro |
| Idioma: | English |
| Publicado: |
Los Alamitos, Calif. :
IEEE Computer Society Press,
c1994.
|
| Etiquetas: |
Agregar Etiqueta
Sin Etiquetas, Sea el primero en etiquetar este registro!
|
| LEADER | 01039nam a22002055a 4500 | ||
|---|---|---|---|
| 001 | MAT.inmabb004172 | ||
| 008 | 070214s1994####caua#####b####101#0#eng#d | ||
| 005 | 20160519151646.0 | ||
| 245 | 1 | 0 | |a Proceedings / |c 35th Annual Symposium on Foundations of Computer Science, November 20-22, 1994, Sante Fe, New Mexico ; edited by Shafi Goldwasser ; sponsored by IEEE Computer Society Technical Committee on Mathematical Foundations of Computing. |
| 260 | |a Los Alamitos, Calif. : |b IEEE Computer Society Press, |c c1994. | ||
| 300 | |a xiii, 837 p. : |b il. ; |c 28 cm. | ||
| 504 | |a Incluye referencias bibliográficas e índice de autores. | ||
| 510 | 4 | |a MR, |c 98h:68008 | |
| 020 | |a 0818665807 | ||
| 022 | |a 0272-5428 | ||
| 111 | 2 | |a Annual symposium on foundations of computer science |n (35º : |d 1994 : |c Sante Fe, New Mexico) | |
| 710 | 2 | |a IEEE Computer Society. |b Technical Committee on Mathematical Foundations of Computing. | |
| 246 | 1 | 8 | |a 35th Symposium on Foundations of Computer Science |
| 084 | |a 68-06 |2 msc2000 | ||
| 859 | |h 68 |i An615-35 |p A-7244 |b BIB. MATEMATICA | ||
